| 000 | 00000nam##2200000za#4500 |
| 001 | 9.601006 |
| 003 | CaOODSP |
| 005 | 20220901164723 |
| 007 | cr ||||||||||| |
| 008 | 150406|1999||||xxc|||||o f|0| 0 fre|d |
| 040 | |aCaOODSP|bfre |
| 043 | |an-cn--- |
| 086 | 1 |aJ3-8/1999-2F-PDF |
| 110 | 1 |aCanada.|bJustice Canada. |bAucun équivalent français. |
| 245 | 10|aPratiques optimales et enseignements tirés des projets de justice intégrée et multidisciplinaire / |h[ressource électronique]|c[par] George Kiefl. |
| 260 | |aOttawa - Ontario : |bJustice Canada. |cMars 1999. |
| 300 | |a80p.|btableaux |
| 490 | 1 |aDocument de travail|vWD1999-2f |
| 590 | |a11-08-Supp|b2011-06-16 |
| 720 | 1 |aKiefl, George |
| 775 | 08|tBest practices and lessons learned : |w(CaOODSP)9.570260 |
| 830 | #0|aDocument de travail ;|vWD1999-2f|w(CaOODSP)9.502069 |
| 856 | 40|ahttp://publications.gc.ca|qPDF|s279 Ko|uhttps://publications.gc.ca/collections/collection_2011/jus/J3-8-1999-2-fra.pdf|yWD1999-2f |